[Event "Asia Cities-ch 19th"]
[Site "Kalutara "]
[Date "2015.07.25"]
[Round "5"]
[White "Alahakoon, Isuru"]
[Black "Arjun, Satheesh"]
[Result "0-1"]
[WhiteElo "2054"]
[BlackElo "1997"]
[PlyCount "37"]
[EventDate "2015.07.22"]
[EventType "team-tourn"]
[EventRounds "9"]
[EventCountry "SRI"]
[SourceTitle "EXT 2020"]
[Source "ChessBase"]
[SourceDate "2019.10.17"]
[SourceVersion "1"]
[SourceVersionDate "2019.10.17"]
[SourceQuality "1"]
[WhiteTeam "Kandy"]
[BlackTeam "Kozhikode"]
[WhiteTeamCountry "SRI"]
[BlackTeamCountry "IND"]

1. Nf3 Nf6 2. g3 d5 3. Bg2 c6 4. 0-0 Bf5 5. d3 h6 6. Nbd2 e6 7. b3 Be7 8. Bb2 0-0 9. Re1 Na6 10. e4 Bh7 11. e5 Nd7 12. a3 Nac5 13. Nf1 a5 14. Ne3 a4 15. b4 Na6 16. c4 Nc7 17. cxd5 Nxd5 18. Nxd5 cxd5 19. Nd4 0-1

[Event "Wch U20 53rd"]
[Site "Pune"]
[Date "2014.10.17"]
[Round "11"]
[White "Arjun, Satheesh"]
[Black "Iniyan, Panneerseluam"]
[Result "0-1"]
[WhiteElo "2004"]
[BlackElo "2151"]
[PlyCount "86"]
[EventDate "2014.10.06"]
[EventType "swiss"]
[EventRounds "13"]
[EventCountry "IND"]
[SourceTitle "EXT 2015"]
[Source "ChessBase"]
[SourceDate "2014.11.20"]
[SourceVersion "1"]
[SourceVersionDate "2014.11.20"]
[SourceQuality "1"]

1. d4 Nf6 2. c4 g6 3. Nc3 Bg7 4. e4 d6 5. Nf3 0-0 6. Be2 e5 7. 0-0 Nc6 8. d5 Ne7 9. Nd2 Nd7 10. b4 f5 11. a4 Nf6 12. f3 f4 13. c5 g5 14. Nc4 Ng6 15. Ba3 Rf7 16. b5 Bf8 17. b6 dxc5 18. bxc7 Rxc7 19. Qb3 Rg7 20. Rfd1 g4 21. d6 Kh8 22. Nb5 g3 23. h3 Ne8 24. Bb2 Be6 25. Qc2 Bxc4 26. Qxc4 a6 27. Na3 Bxd6 28. Qd5 Ne7 29. Qe6 Nc6 30. Nc4 Nd4 31. Bxd4 exd4 32. e5 Qe7 33. Qf5 Bxe5 34. Nxe5 Nd6 35. Qxf4 Rf8 36. Qd2 Qxe5 37. a5 Re8 38. Bf1 Qe3+ 39. Qxe3 Rxe3 40. Rdb1 c4 41. Rb6 Rd7 42. Rc1 d3 43. Rb2 Nb5 0-1

[Event "Wch U20 53rd"]
[Site "Pune"]
[Date "2014.10.15"]
[Round "9"]
[White "Arjun, Satheesh"]
[Black "Mithil, Ajgaonkar"]
[Result "1/2-1/2"]
[WhiteElo "2004"]
[BlackElo "2258"]
[PlyCount "122"]
[EventDate "2014.10.06"]
[EventType "swiss"]
[EventRounds "13"]
[EventCountry "IND"]
[SourceTitle "EXT 2015"]
[Source "ChessBase"]
[SourceDate "2014.11.20"]
[SourceVersion "1"]
[SourceVersionDate "2014.11.20"]
[SourceQuality "1"]

1. e4 c6 2. d4 d5 3. exd5 cxd5 4. Bd3 Nc6 5. c3 g6 6. h3 Bg7 7. Bf4 Nf6 8. Nf3 0-0 9. 0-0 Bf5 10. Qc2 Bxd3 11. Qxd3 e6 12. Nbd2 Nd7 13. Rfe1 Rc8 14. Rad1 Qb6 15. Qb1 Qa6 16. Nb3 Rfe8 17. Nc1 b5 18. Nd3 f6 19. Be3 Nd8 20. a3 Qb7 21. Qa2 Nf7 22. Nd2 Qc6 23. Nb4 Qc7 24. Na6 Qb7 25. Nc5 Nxc5 26. dxc5 Ne5 27. b4 a5 28. Nb3 Nc4 29. Nd2 Ne5 30. Nb3 a4 31. Nd2 Qf7 32. Qc2 Nc6 33. Qd3 Rb8 34. Nf3 Rb7 35. Qd2 Rbb8 36. Qd3 f5 37. Qd2 Rb7 38. Bf4 e5 39. Qxd5 Qxd5 40. Rxd5 Ne7 41. Rdxe5 Bxe5 42. Rxe5 Rc8 43. Nd4 Kf7 44. Bg5 Rcc7 45. c4 bxc4 46. b5 c3 47. c6 Rb8 48. Rc5 Rd8 49. b6 Rxd4 50. bxc7 Nc8 51. Rxc3 Ke6 52. g3 Kd5 53. Bf4 Rc4 54. Rd3+ Kxc6 55. h4 Kb7 56. Kg2 Na7 57. Rd8 Nc8 58. Rd3 Na7 59. Rd8 Nc8 60. Rd3 Nb6 61. Rd8 Ka7 1/2-1/2

[Event "Wch U20 53rd"]
[Site "Pune"]
[Date "2014.10.11"]
[Round "6"]
[White "Ronka, Erik"]
[Black "Arjun, Satheesh"]
[Result "1/2-1/2"]
[WhiteElo "2183"]
[BlackElo "2004"]
[PlyCount "97"]
[EventDate "2014.10.06"]
[EventType "swiss"]
[EventRounds "13"]
[EventCountry "IND"]
[SourceTitle "EXT 2015"]
[Source "ChessBase"]
[SourceDate "2014.11.20"]
[SourceVersion "1"]
[SourceVersionDate "2014.11.20"]
[SourceQuality "1"]

1. d4 Nf6 2. c4 g6 3. f3 Bg7 4. e4 d6 5. Nc3 0-0 6. Be3 e5 7. Nge2 c6 8. Qd2 Nbd7 9. d5 cxd5 10. cxd5 a6 11. g4 b5 12. Ng3 Nc5 13. b4 Na4 14. Nxa4 bxa4 15. h4 Bd7 16. g5 Nh5 17. Nxh5 gxh5 18. Rc1 f5 19. Be2 fxe4 20. fxe4 Bg4 21. Bxg4 hxg4 22. Qe2 Rf3 23. Kd2 Qd7 24. Rhf1 a3 25. Rxf3 gxf3 26. Qxf3 Qb5 27. Qf5 Qxb4+ 28. Ke2 Qb5+ 29. Kf2 Qb7 30. Qe6+ Kh8 31. Kg1 Rf8 32. Rf1 Rxf1+ 33. Kxf1 Bf8 34. Qf6+ Kg8 35. Qe6+ Kh8 36. Qe8 Qb1+ 37. Kf2 Qc2+ 38. Kg3 Kg8 39. Qe6+ Kg7 40. Qf6+ Kg8 41. g6 hxg6 42. Qxg6+ Kh8 43. Bg5 Qd3+ 44. Kg4 Bg7 45. h5 Qf1 46. Qe8+ Kh7 47. Qg6+ Kh8 48. Qe8+ Kh7 49. Qg6+ 1/2-1/2

[Event "Wch U20 53rd"]
[Site "Pune"]
[Date "2014.10.09"]
[Round "4"]
[White "Megalios, Konstantinos"]
[Black "Arjun, Satheesh"]
[Result "1-0"]
[WhiteElo "2196"]
[BlackElo "2004"]
[PlyCount "105"]
[EventDate "2014.10.06"]
[EventType "swiss"]
[EventRounds "13"]
[EventCountry "IND"]
[SourceTitle "EXT 2015"]
[Source "ChessBase"]
[SourceDate "2014.11.20"]
[SourceVersion "1"]
[SourceVersionDate "2014.11.20"]
[SourceQuality "1"]

1. d4 Nf6 2. c4 e6 3. Nc3 Bb4 4. a3 Bxc3+ 5. bxc3 c5 6. f3 Nc6 7. e4 d6 8. Be3 Qa5 9. Kf2 0-0 10. Qc2 e5 11. d5 Ne7 12. Bg5 Kh8 13. Bxf6 gxf6 14. Bd3 Bd7 15. Ne2 Rg8 16. a4 Rg7 17. g3 Rag8 18. Rhg1 Qd8 19. a5 Bc8 20. Ke3 Qd7 21. g4 Ng6 22. Qc1 Qd8 23. Qe1 Qe7 24. Kd2 Nf4 25. Qh4 Qd8 26. Nxf4 exf4 27. Qh6 Rg5 28. e5 f5 29. Qxd6 Qxd6 30. exd6 fxg4 31. fxg4 h5 32. h3 f5 33. Raf1 fxg4 34. h4 Re5 35. Rxf4 Rd8 36. Rf6 Bd7 37. Rh6+ Kg8 38. Rg6+ Kh8 39. Rh6+ Kg8 40. Rg6+ Kh8 41. Rf1 g3 42. Rh6+ Kg8 43. Rg6+ Kh8 44. Rxg3 Bg4 45. Rf6 b6 46. a6 b5 47. Re3 Rxe3 48. Kxe3 bxc4 49. Bxc4 Kg7 50. Re6 Bxe6 51. dxe6 Kf6 52. e7 Rb8 53. Bb5 1-0

[Event "IND-ch U25"]
[Site "Calicut"]
[Date "2013.10.06"]
[Round "7"]
[White "Audi, Ameya"]
[Black "Arjun, Satheesh"]
[Result "1/2-1/2"]
[WhiteElo "1877"]
[BlackElo "2036"]
[PlyCount "66"]
[EventDate "2013.10.02"]
[EventType "swiss"]
[EventRounds "9"]
[EventCountry "IND"]
[SourceTitle "EXT 2014"]
[Source "ChessBase"]
[SourceDate "2013.11.20"]
[SourceVersion "1"]
[SourceVersionDate "2013.11.20"]
[SourceQuality "1"]

1. e4 e6 2. d4 d5 3. Nc3 Bb4 4. e5 c5 5. a3 Bxc3+ 6. bxc3 Qc7 7. Nf3 Ne7 8. Bd3 b6 9. a4 Ba6 10. Bb5+ Bxb5 11. axb5 cxd4 12. cxd4 Qc4 13. Rb1 Nd7 14. Qe2 Rc8 15. Qxc4 Rxc4 16. Kd2 Nf5 17. c3 0-0 18. Ra1 Rc7 19. Ba3 Rfc8 20. Bb4 f6 21. Rhe1 Kf7 22. g4 Ne7 23. Re3 Ng6 24. Bd6 Rb7 25. h4 h6 26. h5 Ngf8 27. Rae1 a6 28. bxa6 Ra7 29. Ra1 Rca8 30. Kd3 Rxa6 31. Rxa6 Rxa6 32. Re2 Ra1 33. exf6 gxf6 1/2-1/2

[Event "IND-ch U25"]
[Site "Calicut"]
[Date "2013.10.05"]
[Round "5"]
[White "Meghna, CH."]
[Black "Arjun, Satheesh"]
[Result "1-0"]
[WhiteElo "1838"]
[BlackElo "2036"]
[PlyCount "86"]
[EventDate "2013.10.02"]
[EventType "swiss"]
[EventRounds "9"]
[EventCountry "IND"]
[SourceTitle "EXT 2014"]
[Source "ChessBase"]
[SourceDate "2013.11.20"]
[SourceVersion "1"]
[SourceVersionDate "2013.11.20"]
[SourceQuality "1"]

1. e4 c6 2. d4 d5 3. e5 Bf5 4. Bd3 Bxd3 5. Qxd3 e6 6. Ne2 c5 7. c3 Nc6 8. 0-0 Qb6 9. f4 Nge7 10. dxc5 Qxc5+ 11. Be3 Qa5 12. Nd2 h5 13. Nb3 Qc7 14. Nbd4 a6 15. Rac1 Nxd4 16. Nxd4 Rc8 17. f5 Qxe5 18. Bf4 Qe4 19. Qd2 Rc4 20. fxe6 f6 21. Rce1 Qg6 22. Bd6 Rc8 23. Qd1 h4 24. Qa4+ Nc6 25. e7 Kf7 26. exf8Q+ Rhxf8 27. Bxf8 Kxf8 28. Nxc6 Rxc6 29. Qb4+ Kg8 30. Qxh4 Rc4 31. Qg3 Rg4 32. Qf3 Rg5 33. Re2 b5 34. Rfe1 Rf5 35. Qh3 Rh5 36. Re8+ Kh7 37. Qc8 Kh6 38. Rh8+ Kg5 39. Rxh5+ Qxh5 40. Qe6 Qh8 41. Qxd5+ f5 42. Qd2+ Kf6 43. Qf4 Qf8 1-0

[Event "IND-ch U25"]
[Site "Calicut"]
[Date "2013.10.04"]
[Round "4"]
[White "Arjun, Satheesh"]
[Black "Srivastav, Shivam"]
[Result "1-0"]
[WhiteElo "2036"]
[BlackElo "1523"]
[PlyCount "163"]
[EventDate "2013.10.02"]
[EventType "swiss"]
[EventRounds "9"]
[EventCountry "IND"]
[SourceTitle "EXT 2014"]
[Source "ChessBase"]
[SourceDate "2013.11.20"]
[SourceVersion "1"]
[SourceVersionDate "2013.11.20"]
[SourceQuality "1"]

1. d4 Nf6 2. c4 g6 3. Nc3 Bg7 4. e4 d6 5. f3 0-0 6. Be3 e5 7. Nge2 c6 8. Qd2 Nbd7 9. d5 cxd5 10. cxd5 a6 11. g4 h5 12. g5 Ne8 13. Rg1 b5 14. Nc1 Nb6 15. b3 b4 16. Nd1 a5 17. Nb2 Rb8 18. Nc4 Nxc4 19. Bxc4 Nc7 20. Nd3 Bd7 21. a4 Na8 22. Nb2 Nb6 23. Qf2 Nxc4 24. Nxc4 Qe7 25. Nxa5 f5 26. gxf6 Qxf6 27. Ke2 Rbc8 28. Nc4 Qe7 29. Rg3 Be8 30. Bg5 Bf6 31. Bh6 Bg7 32. Bd2 Rb8 33. Rc1 Kh7 34. Qe1 Qh4 35. Rg2 Qh3 36. Qg3 Qd7 37. Na5 Qa7 38. Nc4 Qe7 39. Qg5 Qd7 40. Qg3 Bf6 41. Bg5 Qe7 42. Bxf6 Qxf6 43. Rf1 Rc8 44. Qf2 Rf7 45. Rfg1 Rfc7 46. Ra1 Ra8 47. Qb6 Rf7 48. Rf2 Rd8 49. Qxb4 g5 50. h3 Rf8 51. Rg1 Bg6 52. Rgg2 h4 53. Qd2 Bh5 54. Rxg5 Bxf3+ 55. Kf1 Qf4 56. Qxf4 Rxf4 57. Nd2 Bxe4 58. Rxf4 Bd3+ 59. Kf2 exf4 60. Kf3 Rf8 61. Rh5+ Kg6 62. Rxh4 Kg5 63. Rg4+ Kh5 64. Rxf4 Re8 65. Ne4 Rb8 66. b4 Kg6 67. Nxd6 Rd8 68. Nb7 Rxd5 69. Nc5 Bf5 70. h4 Rd1 71. a5 Ra1 72. Ke3 Kf6 73. Kd4 Rd1+ 74. Kc4 Ke5 75. Rf2 Rd4+ 76. Kb5 Rd8 77. a6 Rb8+ 78. Nb7 Be4 79. Kb6 Ke6 80. Re2 Kf5 81. Kc7 Rh8 82. Nd6+ 1-0

[Event "IND-ch U25"]
[Site "Calicut"]
[Date "2013.10.03"]
[Round "2"]
[White "Arjun, Satheesh"]
[Black "Rajesh, VAV"]
[Result "0-1"]
[WhiteElo "2036"]
[BlackElo "2402"]
[PlyCount "100"]
[EventDate "2013.10.02"]
[EventType "swiss"]
[EventRounds "9"]
[EventCountry "IND"]
[SourceTitle "EXT 2014"]
[Source "ChessBase"]
[SourceDate "2013.11.20"]
[SourceVersion "1"]
[SourceVersionDate "2013.11.20"]
[SourceQuality "1"]

1. c4 Nf6 2. Nc3 c5 3. Nf3 Nc6 4. d4 cxd4 5. Nxd4 e6 6. Nc2 d5 7. cxd5 exd5 8. Bg5 Be7 9. e3 Be6 10. Be2 Qb6 11. Rb1 0-0 12. 0-0 Rfd8 13. Nd4 h6 14. Nxe6 fxe6 15. Bxf6 Bxf6 16. Qc2 Rac8 17. Rfd1 Ne7 18. Qa4 Nf5 19. Qg4 Ne7 20. h4 Kh8 21. Bf1 d4 22. exd4 Bxd4 23. Bd3 Bxf2+ 24. Kh1 Rd4 25. Ne4 Nf5 26. Qf3 Bxh4 27. g4 Nd6 28. Nc3 Qc6 29. Qxc6 Rxc6 30. Be2 e5 31. Kg2 Nc4 32. Rxd4 exd4 33. Nb5 Bf6 34. Nxa7 Ne3+ 35. Kf3 Rc2 36. Nb5 Nxg4 37. Bd3 Ne5+ 38. Ke4 Rh2 39. Bf1 d3 40. Nd6 b6 41. a4 Rh4+ 42. Kf5 Rxa4 43. Ne8 d2 44. Nxf6 gxf6 45. Kxf6 Re4 46. Ra1 Ng4+ 47. Kg6 Re6+ 48. Kf5 Re1 49. Ra8+ Kg7 50. Ra7+ Kf8 0-1

[Event "IND-ch U19 43rd"]
[Site "Lucknow"]
[Date "2013.07.12"]
[Round "4"]
[White "Arjun, Satheesh"]
[Black "Narayanan, Sunilduth Lyna"]
[Result "0-1"]
[WhiteElo "2013"]
[BlackElo "2415"]
[PlyCount "92"]
[EventDate "2013.07.10"]
[EventType "swiss"]
[EventRounds "11"]
[EventCountry "IND"]
[SourceTitle "CBM 155 Extra"]
[Source "ChessBase"]
[SourceDate "2013.08.26"]
[SourceVersion "1"]
[SourceVersionDate "2013.08.26"]
[SourceQuality "1"]

1. d4 d5 2. Nf3 Nf6 3. e3 c6 4. c4 Bg4 5. Qb3 Qb6 6. Ne5 Bf5 7. Bd3 Bxd3 8. Qxd3 e6 9. Nc3 Qc7 10. 0-0 Nbd7 11. Nxd7 Qxd7 12. e4 dxe4 13. Nxe4 Be7 14. Rd1 0-0 15. Nxf6+ Bxf6 16. Be3 Rfd8 17. Qb3 b5 18. Rd2 Rab8 19. Rad1 h5 20. h3 bxc4 21. Qxc4 Rb5 22. Rc1 Rc8 23. b3 h4 24. Qa4 Rd5 25. Rcd1 Bd8 26. Qc4 Bb6 27. b4 e5 28. Qc3 exd4 29. Bxd4 Rd8 30. Be3 Bxe3 31. Rxd5 Bxf2+ 32. Kxf2 cxd5 33. Qd4 Qe7 34. Re1 Qg5 35. Qxa7 Qd2+ 36. Re2 Qxb4 37. Qe3 Qc4 38. Rd2 Ra8 39. a3 Ra6 40. Qd4 Rf6+ 41. Ke3 Qc1 42. Qxd5 Qxa3+ 43. Ke2 Qa6+ 44. Qd3 Qa1 45. Rd1 Qe5+ 46. Qe3 Qh5+ 0-1

[Event "Commonwealth-ch"]
[Site "Chennai"]
[Date "2012.11.23"]
[Round "2"]
[White "Arjun, Satheesh"]
[Black "Thejkumar, MS."]
[Result "1/2-1/2"]
[WhiteElo "1964"]
[BlackElo "2442"]
[PlyCount "105"]
[EventDate "2012.11.23"]
[EventType "swiss"]
[EventRounds "11"]
[EventCountry "IND"]
[SourceTitle "CBM 151 Extra"]
[Source "ChessBase"]
[SourceDate "2012.12.18"]
[SourceVersion "1"]
[SourceVersionDate "2012.12.18"]
[SourceQuality "1"]

1. d4 Nf6 2. c4 c5 3. d5 e6 4. Nc3 exd5 5. cxd5 Bd6 6. g3 0-0 7. Bg2 Re8 8. Nf3 Bf8 9. 0-0 d6 10. Nd2 Na6 11. Nc4 Rb8 12. a4 Nb4 13. e4 b6 14. Na3 a6 15. Re1 Bd7 16. Nc2 Nxc2 17. Qxc2 b5 18. axb5 axb5 19. Bg5 h6 20. Bxf6 Qxf6 21. Ra7 Re7 22. Rea1 g6 23. Ra8 Rbe8 24. Rxe8 Bxe8 25. Ra8 Kh7 26. Ra5 b4 27. Nd1 Bg7 28. b3 Qd4 29. Ne3 Qc3 30. Ra2 Qe1+ 31. Nf1 Bb5 32. Ra5 Bxf1 33. Bxf1 Bd4 34. Kg2 Qxe4+ 35. Qxe4 Rxe4 36. Ra6 Re1 37. Rxd6 Rb1 38. Bc4 Rb2 39. Rc6 Rxf2+ 40. Kh3 f5 41. Re6 g5 42. g4 Rf3+ 43. Kg2 Rf2+ 44. Kh3 Rf3+ 45. Kg2 fxg4 46. d6 Rf8 47. Bd3+ Kg7 48. Rg6+ Kf7 49. Rxh6 Rd8 50. Bc4+ Kg7 51. Re6 Bf6 52. Kg3 Rxd6 53. Rxd6 1/2-1/2